000
00273nam a22001337a 4500
008
181011b xxu||||| |||| 00| 0 eng d
020
_a
9780672327124
041
_a
eng
080
_a
004
100
_a
28
101
_a
SHK
245
_a
MySQL
_c
Forta,B
942
_2
udc
_c
BK
999
_c
49399
_d
49399